Boo! halloween poems and limericks / (Record no. 4445)

MARC details
000 -LEADER
fixed length control field 00959nam a22002657a 4500
001 - CONTROL NUMBER
control field 4445
003 - CONTROL NUMBER IDENTIFIER
control field FISKH
005 - DATE AND TIME OF LATEST TRANSACTION
control field 20250423142251.0
008 - FIXED-LENGTH DATA ELEMENTS--GENERAL INFORMATION
fixed length control field 240910b cb ||||| |||| 00| 0 eng d
020 ## - INTERNATIONAL STANDARD BOOK NUMBER
International Standard Book Number 9780761451518
040 ## - CATALOGING SOURCE
Original cataloging agency FISKH
Language of cataloging eng
Transcribing agency FISKH
Modifying agency FISKH
050 ## - LIBRARY OF CONGRESS CALL NUMBER
Classification number PS3558.U22
082 ## - DEWEY DECIMAL CLASSIFICATION NUMBER
Edition number 811.54
100 ## - MAIN ENTRY--PERSONAL NAME
Personal name Hubbell, Patricia
Dates associated with a name 1928-
245 ## - TITLE STATEMENT
Title Boo! halloween poems and limericks /
Statement of responsibility, etc. Patricia Hubbell illustrations by Jeff Spackman
250 ## - EDITION STATEMENT
Edition statement First paperback edition 2003
260 ## - PUBLICATION, DISTRIBUTION, ETC.
Place of publication, distribution, etc. New York :
Name of publisher, distributor, etc. Marshall Cavendish,
Date of publication, distribution, etc. 1998.
300 ## - PHYSICAL DESCRIPTION
Extent 40 pages :
Other physical details Color illustrations ;
Dimensions 28cm
520 ## - SUMMARY, ETC.
Summary, etc. A collection of limericks and other poems about Halloween, including "Halloween Scarecrow," "There Once Was a Witch from North Dublin," and "Pumpkin Surprise."
650 ## - SUBJECT ADDED ENTRY--TOPICAL TERM
Source of heading or term Halloween
Topical term or geographic name entry element Scary
Form subdivision Witches
650 ## - SUBJECT ADDED ENTRY--TOPICAL TERM
Source of heading or term Skeletons
Topical term or geographic name entry element Goblins
Form subdivision Children's picture book
700 ## - ADDED ENTRY--PERSONAL NAME
Personal name Spackman, Jeff
Dates associated with a name Illustrator
942 ## - ADDED ENTRY ELEMENTS (KOHA)
Source of classification or shelving scheme Dewey Decimal Classification
Koha item type Books
Suppress in OPAC No
Holdings
Withdrawn status Lost status Source of classification or shelving scheme Damaged status Not for loan Collection Home library Current library Shelving location Date acquired Total Checkouts Full call number Barcode Date last seen Date last checked out Copy number Price effective from Koha item type
    Dewey Decimal Classification     Fiction Footprints International School Library Network Toul Tom Poung Campus Footprints International School Library Network Toul Kork Campus TTP Secondary Fiction Bookshelves 09/10/2024 1 HUB 811.54 PS3558.U22 2024-1900 11/10/2025 10/31/2025 1 09/10/2024 Books
    Dewey Decimal Classification     Fiction Footprints International School Library Network Toul Kork Campus Footprints International School Library Network Toul Kork Campus A TK Campus, 4th Floor, Room B401, Fiction Bookcases (1-6) 04/23/2025   HUB 811.54 PS3558.U22 FISTK01935 04/23/2025   2 04/23/2025 Books